BoyWithUke's Collaborations - Statistics

General Stats
  • This quiz has been taken 56 times
  • The average score is 4 of 5
Answer Stats
Song(s) Answer % Correct
Sick Of U Oliver Tree
100%
IDGAF blackbear
92%
Prairies mxmtoon
87%
Contigo Powfu
87%
Small Fry Curio Watts
60%
No matching quizzes found
Score Distribution
Percent of People with Each Score
Percentile by Number Answered
Your Score History
You have not taken this quiz